| 000 | 01042cam a22003134a 4500 | ||
|---|---|---|---|
| 001 | 1214127 | ||
| 003 | OSt | ||
| 005 | 20220124145532.0 | ||
| 008 | 990526s2000 enka b 001 0 eng | ||
| 010 | _a 99032635 | ||
| 020 | _a0632050411 | ||
| 020 | _a0632014458 | ||
| 040 |
_aDLC _cDLC _dPHNSL |
||
| 042 | _apcc | ||
| 050 | 0 | 0 | _aRA1229.G37 |
| 082 | 0 | 0 |
_a615.9/02 _221 |
| 100 | 1 |
_aAshton, Indira. _qGill, Frank S. |
|
| 245 | 1 | 0 |
_aMonitoring for health hazards at work / _cFrank S. Gill and. Indira Ashton, |
| 260 |
_aOxford, UK ; _bROSPA/Blackwell Scientific Pub., _c1982. |
||
| 300 |
_axiv, 155 p. : _bill. ; _c24 cm. |
||
| 504 | _aIncludes bibliographical references and index. | ||
| 650 | 0 | _aIndustrial toxicology. | |
| 650 | 0 | _aEnvironmental monitoring. | |
| 700 | 1 |
_aGill, F. S. _q(Frank S.) |
|
| 906 |
_a7 _bcbc _corignew _d1 _eocip _f19 _gy-gencatlg |
||
| 942 |
_2lcc _cBK |
||
| 999 |
_c10 _d10 |
||